| 000 | 00725nam a2200229Ia 4500 | ||
|---|---|---|---|
| 003 | OSt | ||
| 005 | 20220923214710.0 | ||
| 006 | a|||||r|||| 00| 0 | ||
| 007 | ta | ||
| 008 | 220922b |||||||| |||| 00| 0 hin d | ||
| 024 | _a171,771 | ||
| 037 | _cTextual | ||
| 040 |
_aARTS _cARTS _bhin |
||
| 041 |
_2hin _ahin |
||
| 082 | _aO152:3N275:1, L4 | ||
| 100 | _aवेद, कृष्ण बलदेव | ||
| 245 | 0 | _aविमल जाएं तो जाएं कहां | |
| 246 | _aVimal jāean to jāean kahāan | ||
| 260 |
_aहैदराबाद _b कल्पना _c1974 |
||
| 942 |
_hO152:3N275:1, L4 _cTEXL _2CC |
||
| 999 |
_c325912 _d325912 |
||